Western Roman Emperors Quiz Stats

 Plays Quiz Updated Mar 31, 2020

     
Support Sporcle.
Go Orange.
Score 0/12 Timer 05:00
0 Plays Today
Reigned Emperor % Correct
475-476Romulus Augustulus
83.7%
395-423Honorius
78.6%
425-455Valentinian III
62.4%
474-475Julius Nepos
56.8%
457-461Majorian
50%
421Constantius III
49.5%
472Olybrius
45.7%
473-474Glycerius
45.3%
455-456Avitus
44.6%
455Petronius Maximus
42.2%
467-472Anthemius
42.1%
461-465Libius Severus
38.9%

From the Vault

'The Nanny' Theme Song

by chickamucka

This game might be easier to play if you recite the lyrics with a thick New York accent.
Remove Ads.
Support Sporcle.
Get the best of Sporcle when you Go Orange. This ad-free experience offers more features, more stats, and more fun while also helping to support Sporcle. Thank you for becoming a member.

Show Comments

Extras

Top Quizzes Today


Score Distribution

Your Account Isn't Verified!

In order to create a playlist on Sporcle, you need to verify the email address you used during registration. Go to your Sporcle Settings to finish the process.

Report this User

Report this user for behavior that violates our Community Guidelines.

Details: